<?xml version="1.0" encoding="UTF-8"?>
<record
    xmlns:xsi="http://www.w3.org/2001/XMLSchema-instance"
    xsi:schemaLocation="http://www.loc.gov/MARC21/slim http://www.loc.gov/standards/marcxml/schema/MARC21slim.xsd"
    xmlns="http://www.loc.gov/MARC21/slim">

  <leader>02463cam a22003374i 4500</leader>
  <controlfield tag="003">PE-LiUPU</controlfield>
  <controlfield tag="005">20251126155418.0</controlfield>
  <controlfield tag="008">2021xxxxes     pe a    rb    000 0 spa d</controlfield>
  <datafield tag="020" ind1=" " ind2=" ">
    <subfield code="a">9788412309362</subfield>
  </datafield>
  <datafield tag="035" ind1=" " ind2=" ">
    <subfield code="a">PE-LiUPU000021</subfield>
  </datafield>
  <datafield tag="040" ind1=" " ind2=" ">
    <subfield code="a">PE-LiUPU</subfield>
    <subfield code="b">spa</subfield>
    <subfield code="c">PE-LiUPU</subfield>
    <subfield code="e">rda</subfield>
  </datafield>
  <datafield tag="082" ind1="0" ind2="4">
    <subfield code="a">664</subfield>
    <subfield code="b">M183m</subfield>
    <subfield code="2">23</subfield>
  </datafield>
  <datafield tag="100" ind1=" " ind2=" ">
    <subfield code="a">Madrid Vicente, Antonio,</subfield>
    <subfield code="e">autor.</subfield>
    <subfield code="9">6898</subfield>
  </datafield>
  <datafield tag="245" ind1="1" ind2="0">
    <subfield code="a">Manual t&#xE9;cnico de las industrias alimentarias /</subfield>
    <subfield code="c">por Antonio Madrid.</subfield>
  </datafield>
  <datafield tag="264" ind1=" " ind2="1">
    <subfield code="a">Madrid :</subfield>
    <subfield code="b">AMV Ediciones,</subfield>
    <subfield code="c">2021.</subfield>
  </datafield>
  <datafield tag="300" ind1=" " ind2=" ">
    <subfield code="a">2 tomos :</subfield>
    <subfield code="b">ilustraciones, gr&#xE1;ficos ;</subfield>
    <subfield code="c">25 cm</subfield>
  </datafield>
  <datafield tag="336" ind1=" " ind2=" ">
    <subfield code="a">text</subfield>
    <subfield code="2">rdacontent</subfield>
  </datafield>
  <datafield tag="337" ind1=" " ind2=" ">
    <subfield code="a">unmediated</subfield>
    <subfield code="2">rdamedia</subfield>
  </datafield>
  <datafield tag="338" ind1=" " ind2=" ">
    <subfield code="a">volume</subfield>
    <subfield code="2">rdacarrier</subfield>
  </datafield>
  <datafield tag="504" ind1=" " ind2=" ">
    <subfield code="a">Incluye &#xED;ndice tem&#xE1;tico y notas explicativas.</subfield>
  </datafield>
  <datafield tag="505" ind1="0" ind2=" ">
    <subfield code="t">Tomo 1:</subfield>
    <subfield code="a">La leche y los productos l&#xE1;cteos -- Los productos l&#xE1;cteos -- El yogur y el k&#xE9;fir -- El queso -- Los helados -- El agua -- Carnes y embutidos -- El pescado y sus productos derivados -- Huevos y ovoproductos -- La patata y sus productos derivados -- Alimentos infantiles y preparados -- Az&#xFA;cares -- Mermeladas y jaleas -- La miel -- Conservas vegetales -- Bebidas refrescantes y energ&#xE9;ticas -- Productos de panader&#xED;a -- Zumos, n&#xE9;ctares y salsa Ketchup.</subfield>
  </datafield>
  <datafield tag="505" ind1="0" ind2=" ">
    <subfield code="t">Tomo 2:</subfield>
    <subfield code="a">Productos de boller&#xED;a, pasteler&#xED;a, caramelos y chicles -- Aceites y grasas -- Caf&#xE9;, cacao y chocolate -- T&#xE9; y bebidas alcoh&#xF3;licas -- Cereales y harinas -- Cerveza -- Frutos secos -- Condimentos y especias -- Vid y vino -- Equipamiento industrial -- Higiene y desinfecci&#xF3;n -- Tratamiento de aguas residuales -- Instalaciones frigor&#xED;ficas -- Anexo de bibliograf&#xED;a alimentaria.</subfield>
  </datafield>
  <datafield tag="520" ind1=" " ind2=" ">
    <subfield code="a">Este manual describe procesos, equipos, tecnolog&#xED;as y productos de las industrias alimentarias, con un enfoque t&#xE9;cnico-pr&#xE1;ctico &#xFA;til para profesionales, t&#xE9;cnicos y estudiantes en el &#xE1;rea agroalimentaria. El volumen cubre desde l&#xE1;cteos, carnes, pescados y panader&#xED;a hasta bebidas, conservas, y az&#xFA;cares, incluyendo aspectos de higiene, seguridad y normativas internacionales.</subfield>
  </datafield>
  <datafield tag="650" ind1="1" ind2="4">
    <subfield code="a">Industrias alimentarias</subfield>
    <subfield code="x">Procesos t&#xE9;cnicos.</subfield>
    <subfield code="9">6932</subfield>
  </datafield>
  <datafield tag="650" ind1="2" ind2="4">
    <subfield code="a">Tecnolog&#xED;a de los alimentos</subfield>
    <subfield code="x">Manuales.</subfield>
    <subfield code="9">6933</subfield>
  </datafield>
  <datafield tag="650" ind1=" " ind2="0">
    <subfield code="a">Conservaci&#xF3;n de alimentos</subfield>
    <subfield code="x">Aspectos t&#xE9;cnicos.</subfield>
    <subfield code="9">6934</subfield>
  </datafield>
  <datafield tag="710" ind1=" " ind2=" ">
    <subfield code="a">AMV Ediciones (Madrid, Espa&#xF1;a),</subfield>
    <subfield code="e">editor.</subfield>
    <subfield code="9">6925</subfield>
  </datafield>
  <datafield tag="856" ind1="4" ind2="0">
    <subfield code="u">https://www.amvediciones.com</subfield>
    <subfield code="z">Sitio web del editor.</subfield>
  </datafield>
  <datafield tag="942" ind1=" " ind2=" ">
    <subfield code="2">ddc</subfield>
    <subfield code="c">BK</subfield>
  </datafield>
  <datafield tag="980" ind1=" " ind2=" ">
    <subfield code="6">21515</subfield>
    <subfield code="a">ROMINA COBOS Adquisiciones</subfield>
    <subfield code="8">18226</subfield>
    <subfield code="g">Jaime Vilcaz&#xE1;n Jefe de An&#xE1;lisis Documental</subfield>
  </datafield>
  <datafield tag="999" ind1=" " ind2=" ">
    <subfield code="c">63064</subfield>
    <subfield code="d">63063</subfield>
  </datafield>
  <datafield tag="952" ind1=" " ind2=" ">
    <subfield code="r">2025-12-03 00:00:00</subfield>
    <subfield code="l">1</subfield>
    <subfield code="o">664 M183m</subfield>
    <subfield code="p">82752</subfield>
    <subfield code="s">2025-11-07</subfield>
    <subfield code="t">e1</subfield>
    <subfield code="v">35.00</subfield>
    <subfield code="w">2025-09-23</subfield>
    <subfield code="x">FIA</subfield>
    <subfield code="y">BK</subfield>
    <subfield code="1">0</subfield>
    <subfield code="2">ddc</subfield>
    <subfield code="3">t1</subfield>
    <subfield code="5">0</subfield>
    <subfield code="7">0</subfield>
    <subfield code="8">GEN</subfield>
    <subfield code="f">P26</subfield>
    <subfield code="a">BUL</subfield>
    <subfield code="b">BUL</subfield>
    <subfield code="c">GEN</subfield>
    <subfield code="d">2025-09-19</subfield>
    <subfield code="e">COMPRA</subfield>
    <subfield code="g">30.00</subfield>
  </datafield>
  <datafield tag="952" ind1=" " ind2=" ">
    <subfield code="r">2025-12-03 00:00:00</subfield>
    <subfield code="l">0</subfield>
    <subfield code="o">664 M183m</subfield>
    <subfield code="p">82753</subfield>
    <subfield code="t">e1</subfield>
    <subfield code="v">35.00</subfield>
    <subfield code="w">2025-09-23</subfield>
    <subfield code="x">FIA</subfield>
    <subfield code="y">BK</subfield>
    <subfield code="1">0</subfield>
    <subfield code="2">ddc</subfield>
    <subfield code="3">t2</subfield>
    <subfield code="5">0</subfield>
    <subfield code="7">0</subfield>
    <subfield code="8">GEN</subfield>
    <subfield code="f">P26</subfield>
    <subfield code="a">BUL</subfield>
    <subfield code="b">BUL</subfield>
    <subfield code="c">GEN</subfield>
    <subfield code="d">2025-09-19</subfield>
    <subfield code="e">COMPRA</subfield>
    <subfield code="g">30.00</subfield>
  </datafield>
</record>
